000 00555cam a2200133 4500500
005 20260111091251.0
041 _afre
042 _adc
245 0 0 _aNew British Philosophy. The Interviews, éd. J. Baggini & J. Stangroom, London, Routledge, 2002, 20x13, VIII-303 p., 9.99 £. ISBN 0-415-24345-9
260 _c2005.
500 _a47
786 0 _nNouvelle revue théologique | 127 | 4 | 2005-12-15 | p. 666j-679j | 0029-4845
856 4 1 _uhttps://shs.cairn.info/revue-nouvelle-revue-theologique-2005-4-page-666j?lang=fr&redirect-ssocas=7080
999 _c1620775
_d1620775